[Event "Regionalliga Nord-West 1819"]
[Site "Bayern"]
[Date "2019.02.24"]
[Round "7.8"]
[White "Deissenberger, Andreas"]
[Black "Focsa Lutz, Tudor"]
[Result "0-1"]
[WhiteElo "1745"]
[BlackElo "1369"]
[PlyCount "70"]
[EventDate "2018.10.21"]
[EventType "team-tourn"]
[EventRounds "9"]
[EventCountry "GER"]
[SourceTitle "EXT 2022"]
[Source "ChessBase"]
[SourceDate "2021.10.06"]
[SourceVersion "1"]
[SourceVersionDate "2021.10.06"]
[SourceQuality "1"]
[WhiteTeam "Stetten"]
[BlackTeam "Seubelsdorf"]
[WhiteTeamCountry "GER"]
[BlackTeamCountry "GER"]

1. d4 d5 2. Nf3 Nf6 3. e3 Bf5 4. Bd3 Bxd3 5. Qxd3 e6 6. Nbd2 c5 7. c3 Nc6 8. 0-0 Be7 9. Re1 0-0 10. h3 Rb8 11. Qe2 b5 12. a3 c4 13. e4 a5 14. e5 Nd7 15. Nf1 b4 16. axb4 axb4 17. Ng3 bxc3 18. bxc3 Rb3 19. Qc2 Re8 20. Bd2 g6 21. Ra6 Qc7 22. Rea1 Qb7 23. R6a2 f6 24. exf6 Bxf6 25. Bg5 Bxg5 26. Nxg5 e5 27. dxe5 Ndxe5 28. Re1 Qb8 29. Ra6 Nd3 30. Re6 Rxe6 31. Nxe6 Rb2 32. Qa4 Rb1+ 33. Kh2 Nxf2 34. Qa1 Rxa1 35. Rxa1 Ne4 0-1

[Event "Regionalliga Nord-West 1819"]
[Site "Bayern"]
[Date "2019.02.03"]
[Round "6.6"]
[White "Horther, Heinrich"]
[Black "Deissenberger, Andreas"]
[Result "1-0"]
[WhiteElo "1930"]
[BlackElo "1745"]
[PlyCount "21"]
[EventDate "2018.10.21"]
[EventType "team-tourn"]
[EventRounds "9"]
[EventCountry "GER"]
[SourceTitle "EXT 2022"]
[Source "ChessBase"]
[SourceDate "2021.10.06"]
[SourceVersion "1"]
[SourceVersionDate "2021.10.06"]
[SourceQuality "1"]
[WhiteTeam "Kronach"]
[BlackTeam "Stetten"]
[WhiteTeamCountry "GER"]
[BlackTeamCountry "GER"]

1. e4 c5 2. c3 d6 3. d4 b6 4. dxc5 bxc5 5. Qd5 Qc7 6. Qxa8 Bb7 7. Qxa7 Nf6 8. Na3 Nxe4 9. Nb5 Qc8 10. Qb6 Na6 11. Na7 1-0

[Event "Regionalliga Nord-West 1718"]
[Site "Bayern"]
[Date "2018.01.21"]
[Round "5.8"]
[White "Deissenberger, Andreas"]
[Black "Jusifov, Boris"]
[Result "1-0"]
[WhiteElo "1800"]
[BlackElo "1617"]
[PlyCount "39"]
[EventDate "2017.10.22"]
[EventType "team-tourn"]
[EventRounds "9"]
[EventCountry "GER"]
[SourceTitle "EXT 2022"]
[Source "ChessBase"]
[SourceDate "2021.10.06"]
[SourceVersion "1"]
[SourceVersionDate "2021.10.06"]
[SourceQuality "1"]
[WhiteTeam "Stetten"]
[BlackTeam "Hof PTSV"]
[WhiteTeamCountry "GER"]
[BlackTeamCountry "GER"]

1. Nf3 Nf6 2. d4 d5 3. e3 e6 4. Bd3 c5 5. c3 Nc6 6. Nbd2 Bd7 7. 0-0 cxd4 8. exd4 Bd6 9. Re1 0-0 10. Ne5 Ne4 11. Nxd7 Qxd7 12. Nxe4 dxe4 13. Bxe4 Qc7 14. g3 Ne7 15. Qh5 f5 16. Bc2 Rf6 17. Bb3 Nd5 18. Rxe6 Qc6 19. Rxf6 gxf6 20. Qxf5 1-0

[Event "Regionalliga Nord-West 1718"]
[Site "Bayern"]
[Date "2017.11.26"]
[Round "3.8"]
[White "Sendner, Markus"]
[Black "Deissenberger, Andreas"]
[Result "1-0"]
[WhiteElo "1849"]
[BlackElo "1800"]
[PlyCount "155"]
[EventDate "2017.10.22"]
[EventType "team-tourn"]
[EventRounds "9"]
[EventCountry "GER"]
[SourceTitle "EXT 2022"]
[Source "ChessBase"]
[SourceDate "2021.10.06"]
[SourceVersion "1"]
[SourceVersionDate "2021.10.06"]
[SourceQuality "1"]
[WhiteTeam "Kitzingen SC"]
[BlackTeam "Stetten"]
[WhiteTeamCountry "GER"]
[BlackTeamCountry "GER"]

1. e4 c5 2. c4 d6 3. Nf3 Nf6 4. Nc3 e6 5. d4 cxd4 6. Nxd4 a6 7. Be2 Be7 8. 0-0 0-0 9. Be3 Qc7 10. Rc1 Nbd7 11. Qd2 Ne5 12. f3 Bd7 13. Rfd1 Rac8 14. b3 Rfd8 15. Bf1 Be8 16. Rc2 Nc6 17. Qf2 Qb8 18. Rcd2 Nxd4 19. Bxd4 Bc6 20. Ba7 Qa8 21. Bb6 Re8 22. Qg3 Qb8 23. Bd3 Nh5 24. Qg4 g6 25. Ne2 Nf6 26. Qg3 Nh5 27. Qf2 Nf6 28. Nf4 d5 29. cxd5 Qxf4 30. Be3 Qd6 31. dxc6 Qxc6 32. e5 Nd5 33. Be4 Red8 34. Bxd5 Rxd5 35. Rxd5 exd5 36. Qd2 Rd8 37. Bd4 Bc5 38. Qe3 b6 39. Kf2 Bxd4 40. Qxd4 Qc5 41. Ke3 Qc2 42. Rd2 Qc6 43. h4 h5 44. Kf4 Qe6 45. g4 hxg4 46. fxg4 b5 47. Kg3 Kg7 48. Rd3 Re8 49. Kf4 Rd8 50. Rh3 Kh6 51. Rf3 Rc8 52. g5+ Kg7 53. Kg3 b4 54. Qxb4 Qxe5+ 55. Qf4 Qe1+ 56. Rf2 Rc3+ 57. Kg2 Qe4+ 58. Qxe4 dxe4 59. Re2 f6 60. Rxe4 Rc2+ 61. Kf3 Rxa2 62. Re7+ Kf8 63. Rb7 f5 64. Kf4 Rh2 65. Ke5 Rc2 66. Rb6 Kg7 67. Rxa6 Re2+ 68. Kd5 Rb2 69. Ra7+ Kf8 70. Rb7 Rh2 71. Ke6 Rxh4 72. Kf6 Ke8 73. Kxg6 f4 74. Rf7 Rg4 75. Rf5 Rg3 76. b4 f3 77. Kh5 Rh3+ 78. Kg4 1-0

[Event "Regionalliga NW 1617"]
[Site "Bayern"]
[Date "2016.10.16"]
[Round "1.4"]
[White "Knauer, Olaf"]
[Black "Deissenberger, Andreas"]
[Result "1/2-1/2"]
[WhiteElo "1831"]
[BlackElo "1833"]
[PlyCount "125"]
[EventDate "2016.10.16"]
[EventType "team-tourn"]
[EventRounds "9"]
[EventCountry "GER"]
[SourceTitle "EXT 2019"]
[Source "ChessBase"]
[SourceDate "2018.10.10"]
[SourceVersion "1"]
[SourceVersionDate "2018.10.10"]
[SourceQuality "1"]
[WhiteTeam "Weidhausen"]
[BlackTeam "Stetten"]
[WhiteTeamCountry "GER"]
[BlackTeamCountry "GER"]

1. d4 d5 2. Nf3 Nf6 3. c4 e6 4. Nc3 c6 5. e3 Nbd7 6. Bd3 Bd6 7. 0-0 0-0 8. Qc2 h6 9. e4 dxc4 10. Bxc4 e5 11. d5 Nb6 12. Bb3 cxd5 13. exd5 Bg4 14. Qe2 Re8 15. h3 Bh5 16. g4 Bg6 17. Be3 Qe7 18. Nh4 Bh7 19. Ng2 Rad8 20. f3 Bc5 21. Rad1 Nc8 22. Bxc5 Qxc5+ 23. Qe3 Qxe3+ 24. Nxe3 a6 25. Rfe1 Nd6 26. Rc1 Nd7 27. Bc2 Bxc2 28. Rxc2 f6 29. Ne4 Nb5 30. Kf2 Nb6 31. Nc3 Nxc3 32. Rxc3 Nxd5 33. Nxd5 Rxd5 34. Rc7 Rb5 35. Re2 Kf8 36. Rd2 Re7 37. Rc8+ Kf7 38. b3 Ke6 39. Rcd8 Rb6 40. h4 Rc6 41. h5 Rec7 42. Ke3 Rc2 43. R8d6+ Ke7 44. Rd8 Rxa2 45. Rg8 Rxd2 46. Kxd2 Kd6 47. Kd3 Ke6 48. Re8+ Kf7 49. Rd8 g6 50. g5 fxg5 51. Rd6 gxh5 52. Rxh6 Rc6 53. Rxh5 Kg6 54. Rh8 Kf5 55. Rf8+ Rf6 56. Rb8 b5 57. Ke3 g4 58. fxg4+ Kxg4 59. Ke4 Rc6 60. Kxe5 Rc3 61. Rb6 Rxb3 62. Rxa6 Kf3 63. Kd4 1/2-1/2

[Event "Regionalliga NW 1213"]
[Site "Bayern"]
[Date "2013.01.13"]
[Round "5.6"]
[White "Deissenberger, Andreas"]
[Black "Sonnenberg, Christoph"]
[Result "1/2-1/2"]
[WhiteElo "1843"]
[BlackElo "1892"]
[PlyCount "35"]
[EventDate "2012.10.14"]
[EventType "team-tourn"]
[EventRounds "9"]
[EventCountry "GER"]
[SourceTitle "EXT 2015"]
[Source "ChessBase"]
[SourceDate "2014.11.20"]
[SourceVersion "1"]
[SourceVersionDate "2014.11.20"]
[SourceQuality "1"]
[WhiteTeam "Stetten"]
[BlackTeam "Rottendorf"]
[WhiteTeamCountry "GER"]
[BlackTeamCountry "GER"]

1. b3 Nf6 2. d4 e6 3. Nf3 Bb4+ 4. Bd2 Bxd2+ 5. Nbxd2 d5 6. e3 Nbd7 7. Bd3 0-0 8. 0-0 Re8 9. c4 e5 10. dxe5 Nxe5 11. Nxe5 Rxe5 12. Nf3 Rh5 13. Be2 c6 14. Qd4 Qc7 15. Rfd1 Be6 16. Rac1 dxc4 17. Bxc4 Bd5 18. Bxd5 1/2-1/2

[Event "Unterfranken-ch M2 56th"]
[Site "Stetten"]
[Date "2005.04.02"]
[Round "9"]
[White "Deissenberger, Andreas"]
[Black "Mader, Heiko"]
[Result "1/2-1/2"]
[WhiteElo "1791"]
[BlackElo "1885"]
[PlyCount "21"]
[EventDate "2005.03.28"]
[EventType "swiss"]
[EventRounds "9"]
[EventCountry "GER"]
[SourceTitle "EXT 2015"]
[Source "ChessBase"]
[SourceDate "2014.11.20"]
[SourceVersion "1"]
[SourceVersionDate "2014.11.20"]
[SourceQuality "1"]

1. d4 Nf6 2. Nf3 c5 3. e3 e6 4. Bd3 d5 5. c3 Nc6 6. Nbd2 Bd6 7. 0-0 0-0 8. dxc5 Bxc5 9. e4 dxe4 10. Nxe4 Be7 11. Qe2 1/2-1/2

[Event "Unterfranken-ch M2 56th"]
[Site "Stetten"]
[Date "2005.03.31"]
[Round "6"]
[White "Blank, Stefan"]
[Black "Deissenberger, Andreas"]
[Result "0-1"]
[WhiteElo "1810"]
[BlackElo "1791"]
[PlyCount "120"]
[EventDate "2005.03.28"]
[EventType "swiss"]
[EventRounds "9"]
[EventCountry "GER"]
[SourceTitle "EXT 2015"]
[Source "ChessBase"]
[SourceDate "2014.11.20"]
[SourceVersion "1"]
[SourceVersionDate "2014.11.20"]
[SourceQuality "1"]

1. e4 c5 2. Nf3 d6 3. d3 Nf6 4. g3 Bg4 5. Bg2 Nc6 6. 0-0 e6 7. c3 Be7 8. Nbd2 0-0 9. h3 Bh5 10. Qe1 Rc8 11. Nh2 e5 12. f4 exf4 13. g4 Bg6 14. h4 h6 15. Ndf3 Ne5 16. Qe2 Nexg4 17. Nxg4 Nxg4 18. Bh3 h5 19. Bxf4 Rc6 20. Ng5 Nf6 21. Qg2 d5 22. e5 Ng4 23. Bxg4 hxg4 24. Qxg4 Bxd3 25. e6 Bxf1 26. Nxf7 Rxf7 27. exf7+ Kxf7 28. Rxf1 Kg8 29. h5 Qc8 30. Qd1 d4 31. Be5 dxc3 32. Qb3+ c4 33. Qxc3 Qg4+ 34. Qg3 Qxg3+ 35. Bxg3 Bf6 36. Rd1 Bxb2 37. Rd8+ Kh7 38. Rd7 b5 39. Kg2 a6 40. Bf4 Bf6 41. h6 Kg6 42. hxg7 Bxg7 43. Kf3 Re6 44. Rd6 Rxd6 45. Bxd6 Kf5 46. Bc5 Ke5 47. Ke2 Ke4 48. Kd2 Bd4 49. Bb4 Bb6 50. Kc3 a5 51. Be7 Kd5 52. Bh4 b4+ 53. Kc2 a4 54. Be1 Ba5 55. Kb2 Kd4 56. Kb1 c3 57. Kc2 Kc4 58. Kb1 Kd3 59. Kc1 Bb6 60. Kb1 c2+ 0-1

[Event "Unterfranken-ch M2 56th"]
[Site "Stetten"]
[Date "2005.03.31"]
[Round "7"]
[White "Deissenberger, Andreas"]
[Black "Pfarr, Michael"]
[Result "0-1"]
[WhiteElo "1791"]
[BlackElo "1876"]
[PlyCount "82"]
[EventDate "2005.03.28"]
[EventType "swiss"]
[EventRounds "9"]
[EventCountry "GER"]
[SourceTitle "EXT 2015"]
[Source "ChessBase"]
[SourceDate "2014.11.20"]
[SourceVersion "1"]
[SourceVersionDate "2014.11.20"]
[SourceQuality "1"]

1. d4 Nf6 2. Nf3 d6 3. Bg5 g6 4. e3 Bg7 5. Bd3 b6 6. Nbd2 Bb7 7. Qe2 Nbd7 8. c3 0-0 9. e4 c5 10. e5 dxe5 11. dxe5 Nd5 12. e6 f6 13. exd7 fxg5 14. Bc4 Qxd7 15. 0-0-0 g4 16. Ng5 Bh6 17. h4 Kh8 18. Qe5+ Bg7 19. Qg3 b5 20. Bf1 b4 21. Nde4 bxc3 22. Nxc3 Qf5 23. Rd2 Nxc3 24. bxc3 Rad8 25. Bd3 Qf6 26. Rc2 Bh6 27. Kb1 Bd5 28. Ne4 Rb8+ 29. Ka1 Bxe4 30. Bxe4 Bg7 31. h5 gxh5 32. Rxh5 h6 33. Rf5 Qb6 34. Rxf8+ Bxf8 35. Rd2 Bg7 36. Qe3 Qb4 37. Qxh6+ Bxh6 38. Rd8+ Rxd8 39. cxb4 cxb4 40. Kb2 Rd2+ 41. Kb3 Rxf2 0-1

[Event "Unterfranken-ch HA 53th"]
[Site "Wuerzburg"]
[Date "2002.??.??"]
[Round "?"]
[White "Deissenberger, Andreas"]
[Black "Barthel, Reimar"]
[Result "1-0"]
[WhiteElo "1729"]
[BlackElo "1284"]
[PlyCount "93"]
[EventDate "2002.04.01"]
[EventType "swiss"]
[EventRounds "9"]
[EventCountry "GER"]
[SourceTitle "EXT 2015"]
[Source "ChessBase"]
[SourceDate "2014.11.20"]
[SourceVersion "1"]
[SourceVersionDate "2014.11.20"]
[SourceQuality "1"]

1. d4 Nf6 2. Nf3 g6 3. e3 Bg7 4. Bd3 d5 5. Nbd2 Nc6 6. c3 0-0 7. e4 Bg4 8. e5 Nd7 9. 0-0 e6 10. Qe2 f6 11. exf6 Rxf6 12. h3 Bf5 13. Re1 Bxd3 14. Qxd3 Rf7 15. Rxe6 Re7 16. Rxe7 Qxe7 17. Nf1 Re8 18. Ng3 Qf7 19. Be3 Nf6 20. Qb5 Ne4 21. Nxe4 dxe4 22. Nd2 Nd8 23. Re1 c6 24. Qc4 b5 25. Qxf7+ Nxf7 26. Bf4 a5 27. Rxe4 Rxe4 28. Nxe4 Kf8 29. Kf1 Ke7 30. Ke2 a4 31. Kd3 Nd8 32. Bc7 Kd7 33. Bxd8 Kxd8 34. Ng5 Ke7 35. Nxh7 Kf7 36. Ng5+ Kf6 37. Ne4+ Kf5 38. g3 g5 39. b3 axb3 40. axb3 g4 41. h4 Kg6 42. c4 bxc4+ 43. bxc4 Kf7 44. Ke3 Kg6 45. d5 cxd5 46. cxd5 Be5 47. f3 1-0

[Event "Unterfranken-ch HA 53th"]
[Site "Wuerzburg"]
[Date "2002.??.??"]
[Round "?"]
[White "Deissenberger, Andreas"]
[Black "Fischer, Uwe"]
[Result "1/2-1/2"]
[WhiteElo "1729"]
[BlackElo "1758"]
[PlyCount "41"]
[EventDate "2002.04.01"]
[EventType "swiss"]
[EventRounds "9"]
[EventCountry "GER"]
[SourceTitle "EXT 2015"]
[Source "ChessBase"]
[SourceDate "2014.11.20"]
[SourceVersion "1"]
[SourceVersionDate "2014.11.20"]
[SourceQuality "1"]

1. Nf3 Nf6 2. d4 e6 3. e3 b6 4. Bd3 Bb7 5. Nbd2 d5 6. 0-0 Bd6 7. c3 0-0 8. Qc2 c5 9. e4 dxe4 10. Nxe4 Nxe4 11. Bxe4 Bxe4 12. Qxe4 Nd7 13. Bg5 Qc7 14. Rad1 Rfe8 15. h3 Nf8 16. dxc5 Qxc5 17. Rfe1 h6 18. Bf4 Rad8 19. Bxd6 Rxd6 20. Rxd6 Qxd6 21. Qd4 1/2-1/2